Discografía de Nicki Nicole - Estadísticas

Estadísticas generales
  • Esta prueba ha sido intentada 141 veces
    23 desde el último reinicio
  • La puntuación promedio es 70 de 100
Estadísticas de respuestas
Hint Respuesta % Correcto
EP - Tiny Desk Mala Vida/Wapo Traketero - Tiny Desk
100%
Recuerdos Wapo Traketero
100%
En vivo/Acústico Wapo Traketero (El Paredon Live Session)
100%
ALMA 8 AM
91%
Ft (con Milo j) ALUMBRE
91%
Ft (con Emilia, Tini) blackout 🧊
91%
Parte de Mí Mala Vida
91%
ALMA NO voy a llorar :')
91%
Parte de Mí Parte de Mí
91%
EP - Tiny Desk Parte de Mí - Tiny Desk
91%
ALMA Ya No
91%
NAIKI BITCHES
82%
Parte de Mí Colocao
82%
EP - Tiny Desk Colocao - Tiny Desk
82%
Ft (con Grupo Frontera) DESQUITE
82%
ALMA DISPARA ***
82%
En vivo/Acústico DISPARA - En Vivo Estadio de Morón
82%
Recuerdos Diva
82%
Ft (con Luck Ra) DOCTOR
82%
Parte de Mí LL (Interludio)
82%
Ft (con Trueno) Mamichula
82%
En vivo/Acústico Mamichula - En Vivo
82%
NAIKI MASCARA
82%
Recuerdos Plegarias
82%
En vivo/Acústico Plegarias - Acústico Premios Gardel 2020
82%
ALMA qué le pasa conmigo?
82%
Recuerdos Recuerdos
82%
Ft (Con LIT Killah) Somos 3
82%
ALMA TIENES MI ALMA
82%
Parte de Mí Toa la Vida
82%
NAIKI WE LOVE THAT SHIT
82%
Recuerdos 7 Lunas
73%
NAIKI ALH
73%
Ft (con Tan Bionica) Boquitas Pintadas
73%
ALMA CAEN LAS ESTRELLAS
73%
Parte de Mí Dame
73%
Parte de Mí Dangerous
73%
NAIKI F*CK THAT
73%
Ft (con Aitana) Formentera
73%
NAIKI FORTY
73%
Ft (con Alemán) Grillz
73%
Ft (con Emilia) intoxicao
73%
ALMA Llámame
73%
NAIKI MONEY MACHINE
73%
Ft (con Camilo) Naturaleza
73%
Ft (con Bizarrap) Nicki Nicole: Bzrp Music Sessions, Vol.13
73%
Recuerdos Nos Encontramos
73%
Ft (con Morad) Paz
73%
Parte de Mí Pensamos
73%
ALMA Se va 1 llegan 2
73%
NAIKI SHEITE
73%
Recuerdos Shorty
73%
Parte de Mí Si Vos Me Lo Pedís
73%
Recuerdos Tras Vos
73%
Ft (Remix) Una Foto Remix
73%
Ft (con Jere Klein) X ESO BB
73%
Ft (con WOS) CAMBIANDO LA PIEL
64%
Recuerdos Cómo Dímelo
64%
Parte de Mí Darling
64%
Ft (Remix) Ella No Es Tuya - Remix
64%
Sencillo Enamorate
64%
Recuerdos F*cking Diablo
64%
Ft (Remix) Marisola - Remix
64%
Parte de Mí Me Has Dejado
64%
Ft (con Eladio Carrión) Nota
64%
Sencillo Ojos Verdes
64%
Ft (con Los Ángeles Azules) Otra Noche
64%
En vivo/Acústico Otra Noche (con La K'onga)
64%
Parte de Mí Perdido
64%
Ft (con Bhavi) PERFUME
64%
Parte de Mí Sabe
64%
Parte de Mí Tengo To
64%
ALMA Tuyo (cover) - una que quise hacer
64%
NAIKI VEINTI
64%
Ft (con No Te Va Gustar) Venganza
64%
Parte de Mí Verte
64%
Ft (con Delaossa) Vulnerable
64%
Ft (con Bizarrap, Duki) YaMeFui
64%
Recuerdos Años Luz
55%
Ft (Aleesha, TAICHU, Juicy BAE) Arrepentío
55%
Parte de Mí Baby
55%
EP - Tiny Desk Baby - Tiny Desk
55%
Ft (con Gordo, Sech) Cafecito
55%
Ft (con Tiago PZK) Cristal
55%
Ft (Remix) Entre Nosotros (Remix)
55%
EP - Tiny Desk Freestyle - Tiny Desk
55%
Ft (Remix) MASNA REMIX
55%
Ft (con Christina Aguilera, Becky G, Nathy Peluso) Pa Mis Muchachas
55%
Ft (Remix) Se va 1 llegan 2 - Colyn Remix
55%
Ft (Remix) Tu Fanático - Remix
55%
Ft (con Blessd, The Rudeboyz) DIFERENTE
45%
Sencillo Frío
45%
Ft (con Miranda!) Hace Rato
45%
Ft (Remix) LA TERAPIA REMIX
45%
Recuerdos Me Gusta
45%
Sencillo Nobody Like Yo
45%
Sencillo No Toque Mi Naik
45%
Sencillo PERROS&GATA$
45%
Ft (con Fito Paez, Lali) Dos Días en la Vida - EADDA9223
36%
Ft (Remix) Por las Noches - Remix
36%
No se encontraron pruebas coincidentes
Distribución de puntuación
Porcentaje de gente con cada puntuación
Porcentaje por número respondido
Historial de tus puntuaciones
No has intentado esta prueba desde el último reinicio